000 00273nam a2200121Ia 4500
008 190216s9999||||xx |||||||||||||| ||und||
100 _aNarayan R K
245 0 _aDowary
260 _bPragathi Prakashan
_c1985
300 _a88p
650 _aEnglish General
942 _cBK
999 _c14059
_d14059